|
|
|
|
| LEADER |
01130nam a2200301 a 4500 |
| 001 |
c000063751 |
| 003 |
CARM |
| 005 |
19840410000000.0 |
| 008 |
780831s1977 enk 000 0 eng |
| 015 |
|
|
|a GB78-04355
|
| 019 |
1 |
|
|a 1271253
|z 23880783
|5 LACONCORD2021
|
| 020 |
|
|
|a 0904613453 :
|c L.4.95
|
| 020 |
|
|
|a 0904613461 (pbk.)
|
| 035 |
|
|
|a (OCoLC)4323292
|5 LACONCORD2021
|
| 040 |
|
|
|a LC
|b eng
|c LC
|d WU
|
| 043 |
|
|
|a e-uk-en
|
| 050 |
0 |
0 |
|a PR1110.C5
|b W67
|
| 082 |
0 |
4 |
|a 820/.8/09282
|
| 245 |
0 |
4 |
|a The World in a classroom /
|c compiled by Chris Searle.
|
| 260 |
|
|
|a London :
|b Writers and Readers Publishing Cooperative,
|c 1977.
|
| 300 |
|
|
|a 287 p. ;
|c 21 cm.
|
| 650 |
|
0 |
|a Children's writings, English
|z England
|z London.
|
| 650 |
|
0 |
|a Race relations
|x Literary collections.
|
| 650 |
|
0 |
|a Race relations
|x Study and teaching (Secondary)
|z England
|z London.
|
| 700 |
1 |
|
|a Searle, Chris,
|d 1944-
|
| 852 |
8 |
|
|b CARM
|h A2:AE35G0
|i A00025
|p 0011971
|f BK
|
| 999 |
f |
f |
|i 2598dc2f-a660-5bd7-a3fd-c3c26d9b9c8c
|s 80c1e95f-ccf6-5c1b-8761-5776f071509e
|
| 952 |
f |
f |
|p Can circulate
|a CAVAL
|b CAVAL
|c CAVAL
|d CARM 1 Store
|e A00025
|f A2:AE35G0
|h Other scheme
|i book
|m 0011971
|